[Event "Madrid 2023-2024ch - Previa A"]
[Site "Madrid ESP"]
[Date "2024.02.26"]
[Round "9.8"]
[White "Martin Martin, Luis Vicente"]
[Black "Camarero Izquierdo, Juan Carlos"]
[Result "1/2-1/2"]
[WhiteElo "1884"]
[BlackElo "1725"]
[PlyCount "83"]
[EventDate "2024.02.05"]
[EventType "swiss"]
[EventRounds "9"]
[EventCountry "ESP"]
[SourceTitle "Ajedrez en Madrid"]
[Source "lmi"]
[SourceDate "2024.02.06"]
[SourceVersion "1"]
[SourceVersionDate "2024.03.02"]
[SourceQuality "1"]

1. d4 d5 2. Bf4 e6 3. e3 Bd6 4. Bxd6 Qxd6 5. Qg4 g6 6. Nc3 c6 7. Nf3 f5 8. Qf4
Qe7 9. h4 h6 10. Ne5 Qf6 11. Qg3 Ne7 12. Bd3 O-O 13. Qf4 Qg7 14. g4 Nd7 15.
Nxd7 Bxd7 16. gxf5 Nxf5 17. O-O-O c5 18. Bxf5 Rxf5 19. Qg3 Raf8 20. f4 cxd4 21.
Rxd4 b5 22. Rg1 Kh7 23. Ne2 Bc6 24. Rdd1 e5 25. Qh2 R5f7 26. h5 g5 27. fxg5
hxg5 28. h6 Qf6 29. Qh5 Rg8 30. Qh2 g4 31. Rdf1 Qxf1+ 32. Rxf1 Rxf1+ 33. Kd2
Rf5 34. Ng3 Rfg5 35. Qf2 Be8 36. Qf6 d4 37. Nf5 g3 38. Qe7+ Kg6 39. Qe6+ Kh7
40. Qe7+ Kg6 41. Qe6+ Kh7 42. Qe7+ 1/2-1/2

[Event "Madrid 2023-2024ch - Previa A"]
[Site "Madrid ESP"]
[Date "2024.02.26"]
[Round "9.11"]
[White "Lozano Arribas, Carlos"]
[Black "Sanchez Liso, Juan A"]
[Result "1-0"]
[WhiteElo "1975"]
[BlackElo "1507"]
[PlyCount "81"]
[EventDate "2024.02.05"]
[EventType "swiss"]
[EventRounds "9"]
[EventCountry "ESP"]
[SourceTitle "Ajedrez en Madrid"]
[Source "lmi"]
[SourceDate "2024.02.06"]
[SourceVersion "1"]
[SourceVersionDate "2024.03.02"]
[SourceQuality "1"]

1. Nf3 c5 2. c4 g6 3. e4 Bg7 4. d4 cxd4 5. Nxd4 Nc6 6. Be3 d6 7. Nc3 Nf6 8. Be2
Nd7 9. O-O O-O 10. Qd2 Nde5 11. h3 Nxd4 12. Bxd4 Be6 13. f4 Bh6 14. Nd5 Nc6 15.
Be3 Bg7 16. Rac1 f5 17. exf5 gxf5 18. Bf3 Kh8 19. b4 Bg8 20. b5 Na5 21. b6 Nc6
22. bxa7 Rxa7 23. Bxa7 Nxa7 24. Kh1 Nc6 25. Nb4 Qc7 26. Rfd1 Ra8 27. Bd5 Nd4
28. Bxg8 Rxg8 29. Nd5 Qd7 30. Rb1 e5 31. Qb4 exf4 32. Qxb7 Qe6 33. Qe7 Qg6 34.
Nxf4 Qg3 35. Nh5 Qxg2+ 36. Kxg2 Bf6+ 37. Kf2 Bxe7 38. Rxd4 Ra8 39. Rd2 Bh4+ 40.
Ke3 Be7 41. Rdb2 1-0

[Event "Madrid 2023-2024ch - Previa A"]
[Site "Madrid ESP"]
[Date "2024.02.26"]
[Round "9.12"]
[White "Garcia Galeote, Lorenzo"]
[Black "Pashov, Spas Nikolov"]
[Result "0-1"]
[WhiteElo "1801"]
[BlackElo "1772"]
[PlyCount "50"]
[EventDate "2024.02.05"]
[EventType "swiss"]
[EventRounds "9"]
[EventCountry "ESP"]
[SourceTitle "Ajedrez en Madrid"]
[Source "lmi"]
[SourceDate "2024.02.06"]
[SourceVersion "1"]
[SourceVersionDate "2024.03.02"]
[SourceQuality "1"]

1. d4 d5 2. c4 dxc4 3. Nf3 c6 4. a4 b5 5. g3 Nf6 6. Bg2 Bb7 7. O-O e6 8. Ne5
Qc8 9. b3 cxb3 10. Qxb3 a6 11. Bg5 Be7 12. Rc1 Nd5 13. Bxe7 Nxe7 14. Nc3 Nd7
15. Ne4 O-O 16. Nd6 Qc7 17. Nexf7 Rxf7 18. Qxe6 Raf8 19. axb5 axb5 20. Ra7 Nc8
21. Rxc6 Qd8 22. Rxb7 Nxd6 23. Rxd6 Qa5 24. Rdxd7 Qe1+ 25. Bf1 Qxf2+ 0-1

[Event "Madrid 2023-2024ch - Previa A"]
[Site "Madrid ESP"]
[Date "2024.02.26"]
[Round "9.13"]
[White "Hernandez Gutierrez, Jose"]
[Black "Vukotic Jovsic, Dragan"]
[Result "0-1"]
[WhiteElo "1712"]
[BlackElo "1800"]
[PlyCount "56"]
[EventDate "2024.02.05"]
[EventType "swiss"]
[EventRounds "9"]
[EventCountry "ESP"]
[SourceTitle "Ajedrez en Madrid"]
[Source "lmi"]
[SourceDate "2024.02.06"]
[SourceVersion "1"]
[SourceVersionDate "2024.03.02"]
[SourceQuality "1"]

1. d4 c5 2. d5 d6 3. Nc3 g6 4. e4 Bg7 5. Nf3 Nf6 6. Be2 O-O 7. h3 a6 8. a4 e6
9. O-O exd5 10. exd5 Re8 11. Bf4 Nbd7 12. Nd2 Nb6 13. Bc4 Nh5 14. Bh2 Qh4 15.
Re1 Bxh3 16. Rxe8+ Rxe8 17. Qf1 Nxc4 18. Nxc4 Bxc3 19. bxc3 Re4 20. Ne3 Qg5 21.
Rb1 Bc8 22. Nc4 Bh3 23. Ne3 Nf4 24. Rxb7 Nxg2 25. Kh1 Nxe3 26. Qxh3 Qxd5 27.
Rb8+ Kg7 28. fxe3 Rg4+ 0-1

[Event "Madrid 2023-2024ch - Previa A"]
[Site "Madrid ESP"]
[Date "2024.02.26"]
[Round "9.14"]
[White "Cujba, Anca-Claudia"]
[Black "Fernandez Garcia, Ignacio"]
[Result "0-1"]
[WhiteElo "1633"]
[BlackElo "1795"]
[PlyCount "78"]
[EventDate "2024.02.05"]
[EventType "swiss"]
[EventRounds "9"]
[EventCountry "ESP"]
[SourceTitle "Ajedrez en Madrid"]
[Source "lmi"]
[SourceDate "2024.02.06"]
[SourceVersion "1"]
[SourceVersionDate "2024.03.02"]
[SourceQuality "1"]

1. d4 Nf6 2. Nf3 d6 3. b3 Bf5 4. Bb2 c6 5. e3 Nbd7 6. a4 d5 7. Nbd2 e6 8. Be2
h6 9. Ne5 Nxe5 10. dxe5 Nd7 11. Bf3 Qc7 12. e4 dxe4 13. Bxe4 Bxe4 14. Nxe4 Nxe5
15. Qh5 Ng6 16. O-O-O Qf4+ 17. Nd2 O-O-O 18. Qa5 Bb4 19. Qxa7 Bxd2+ 20. Kb1 Qb8
21. Qb6 Bg5 22. Bxg7 Rxd1+ 23. Rxd1 Rd8 24. Rxd8+ Bxd8 25. Qd4 Qf4 26. Qa7 Bc7
27. a5 Qxh2 28. a6 bxa6 29. Qxa6+ Kd7 30. b4 Qxg2 31. Bf6 Qd5 32. Qa8 Qb5 33.
Qg8 Qxb4+ 34. Ka2 Qf8 35. Qh7 Be5 36. Bxe5 Nxe5 37. Qe4 Qc5 38. Qe1 Qxc2+ 39.
Ka1 Nd3 0-1

[Event "Madrid 2023-2024ch - Previa A"]
[Site "Madrid ESP"]
[Date "2024.02.26"]
[Round "9.15"]
[White "Fernandez Aransay, Fernando"]
[Black "Perez Hernandez, Alfonso"]
[Result "1/2-1/2"]
[WhiteElo "1789"]
[BlackElo "1658"]
[PlyCount "55"]
[EventDate "2024.02.05"]
[EventType "swiss"]
[EventRounds "9"]
[EventCountry "ESP"]
[SourceTitle "Ajedrez en Madrid"]
[Source "lmi"]
[SourceDate "2024.02.06"]
[SourceVersion "1"]
[SourceVersionDate "2024.03.02"]
[SourceQuality "1"]

1. e4 c5 2. Nf3 Nc6 3. d4 cxd4 4. Nxd4 Nf6 5. Nc3 e5 6. Ndb5 d6 7. Bg5 a6 8.
Na3 b5 9. Nd5 Be7 10. Bxf6 Bxf6 11. c3 O-O 12. Be2 Be6 13. O-O Bg5 14. Nc2 Rb8
15. Nce3 Bxe3 16. Nxe3 Ne7 17. Bf3 b4 18. cxb4 Rxb4 19. b3 Kh8 20. Qe2 Rb6 21.
Nc4 Bxc4 22. Qxc4 Nc6 23. Rfd1 Nd4 24. Be2 Rc6 25. Qd3 Rc3 26. Qxa6 Rc6 27. Qd3
Rc3 28. Qa6 1/2-1/2

[Event "Madrid 2023-2024ch - Previa A"]
[Site "Madrid ESP"]
[Date "2024.02.26"]
[Round "9.16"]
[White "Guardiola Sevilla, Antonio"]
[Black "Balsera Gomez, Antonio"]
[Result "1/2-1/2"]
[WhiteElo "1607"]
[BlackElo "1711"]
[PlyCount "49"]
[EventDate "2024.02.05"]
[EventType "swiss"]
[EventRounds "9"]
[EventCountry "ESP"]
[SourceTitle "Ajedrez en Madrid"]
[Source "lmi"]
[SourceDate "2024.02.06"]
[SourceVersion "1"]
[SourceVersionDate "2024.03.02"]
[SourceQuality "1"]

1. e4 e5 2. Nf3 Nc6 3. Bb5 a6 4. Ba4 Nf6 5. O-O Be7 6. Re1 b5 7. Bb3 d6 8. c3
O-O 9. h3 Na5 10. Bc2 c5 11. d4 Nd7 12. Nbd2 exd4 13. cxd4 Nc6 14. Nf1 cxd4 15.
Nxd4 Nxd4 16. Qxd4 Ne5 17. Qd1 Bf6 18. Rb1 Nc4 19. b3 Nb6 20. Be3 Bb7 21. Qd3
g6 22. Rbd1 Nc8 23. Bf4 Qb6 24. Ne3 Rd8 25. Ng4 1/2-1/2

[Event "Madrid 2023-2024ch - Previa A"]
[Site "Madrid ESP"]
[Date "2024.02.26"]
[Round "9.17"]
[White "Diaz Garcia-Heras, Jose J."]
[Black "Diaz Ramirez, Jaime"]
[Result "1/2-1/2"]
[WhiteElo "1697"]
[BlackElo "1548"]
[PlyCount "33"]
[EventDate "2024.02.05"]
[EventType "swiss"]
[EventRounds "9"]
[EventCountry "ESP"]
[SourceTitle "Ajedrez en Madrid"]
[Source "lmi"]
[SourceDate "2024.02.06"]
[SourceVersion "1"]
[SourceVersionDate "2024.03.02"]
[SourceQuality "1"]

1. e4 e5 2. Nf3 Nc6 3. Bc4 Bc5 4. O-O d6 5. h3 h6 6. d3 Na5 7. Bb3 Nxb3 8. axb3
Bb6 9. Be3 c6 10. Bxb6 Qxb6 11. Nc3 Be6 12. Nh2 Ne7 13. Na4 Qc7 14. f4 exf4 15.
Rxf4 d5 16. Rf2 dxe4 17. dxe4 1/2-1/2

[Event "Madrid 2023-2024ch - Previa A"]
[Site "Madrid ESP"]
[Date "2024.02.26"]
[Round "9.18"]
[White "De Frutos Illana, Sergio"]
[Black "Martin-Consuegra Barrilero, Javi"]
[Result "0-1"]
[WhiteElo "1523"]
[BlackElo "1673"]
[PlyCount "102"]
[EventDate "2024.02.05"]
[EventType "swiss"]
[EventRounds "9"]
[EventCountry "ESP"]
[SourceTitle "Ajedrez en Madrid"]
[Source "lmi"]
[SourceDate "2024.02.06"]
[SourceVersion "1"]
[SourceVersionDate "2024.03.02"]
[SourceQuality "1"]

1. e4 d6 2. Nf3 e5 3. Bc4 h6 4. O-O Nf6 5. c3 Be7 6. d3 O-O 7. Be3 c6 8. Qc1
Kh7 9. Nbd2 Ng4 10. h3 Nxe3 11. fxe3 Be6 12. d4 Bxc4 13. Nxc4 f6 14. Qe1 b5 15.
Ncd2 Nd7 16. Qg3 Qe8 17. Nh4 Rg8 18. Qg4 g6 19. Rf3 Nf8 20. Raf1 Qd7 21. Qg3
Re8 22. Qf2 Qe6 23. Nf5 Nd7 24. Qh4 gxf5 25. exf5 Qf7 26. Ne4 d5 27. Ng3 e4 28.
R3f2 Rg5 29. Qf4 Rc8 30. h4 Rg7 31. Ne2 Qh5 32. Qh2 Rg4 33. g3 Bd6 34. a4 a6
35. axb5 axb5 36. Ra1 Rc7 37. Kg2 Nb6 38. b3 Nc8 39. Raf1 Rcg7 40. Nf4 Bxf4 41.
Rxf4 Rxf4 42. Rxf4 Qe2+ 43. Kh3 Qxh2+ 44. Kxh2 Ra7 45. Rf2 Ra3 46. Rb2 h5 47.
Kh3 Nd6 48. g4 hxg4+ 49. Kxg4 Kh6 50. h5 Ra1 51. Kf4 Rf1+ 0-1

[Event "Madrid 2023-2024ch - Previa A"]
[Site "Madrid ESP"]
[Date "2024.02.26"]
[Round "9.19"]
[White "Marin Lopez, Jeronimo"]
[Black "Barahona Torrijos, Angel"]
[Result "1-0"]
[WhiteElo "1797"]
[BlackElo "1717"]
[PlyCount "89"]
[EventDate "2024.02.05"]
[EventType "swiss"]
[EventRounds "9"]
[EventCountry "ESP"]
[SourceTitle "Ajedrez en Madrid"]
[Source "lmi"]
[SourceDate "2024.02.06"]
[SourceVersion "1"]
[SourceVersionDate "2024.03.02"]
[SourceQuality "1"]

1. e4 e5 2. Nf3 Nc6 3. Nc3 Nf6 4. Bc4 Bb4 5. O-O d6 6. Re1 Bg4 7. Nd5 O-O 8. c3
Bc5 9. b4 Bb6 10. a4 a5 11. Nxb6 cxb6 12. b5 Ne7 13. h3 Qc8 14. d3 Bxh3 15.
gxh3 Qxh3 16. Nh2 Ng6 17. Qf3 Qh4 18. Qg3 h6 19. Qxg6 d5 20. Qg3 Qxg3+ 21. fxg3
dxc4 22. d4 exd4 23. cxd4 Rfe8 24. e5 Nd5 25. Nf1 Rac8 26. Ne3 Nb4 27. Ba3 Red8
28. Red1 Nd5 29. Nxd5 Rxd5 30. Bd6 c3 31. Kf2 f6 32. Ke3 fxe5 33. dxe5 Rxd1 34.
Rxd1 Kf7 35. Kd3 h5 36. Rc1 g5 37. Rxc3 Rh8 38. Ke4 h4 39. Rf3+ Ke8 40. gxh4
Rxh4+ 41. Kd5 Rh8 42. e6 g4 43. Rc3 Rh5+ 44. Ke4 Kd8 45. Rc7 1-0

[Event "Madrid 2023-2024ch - Previa A"]
[Site "Madrid ESP"]
[Date "2024.02.26"]
[Round "9.20"]
[White "Gimenez Buiza, Fernando"]
[Black "Sanchez Arriola, Ignacio"]
[Result "0-1"]
[WhiteElo "1745"]
[BlackElo "1626"]
[PlyCount "32"]
[EventDate "2024.02.05"]
[EventType "swiss"]
[EventRounds "9"]
[EventCountry "ESP"]
[SourceTitle "Ajedrez en Madrid"]
[Source "lmi"]
[SourceDate "2024.02.06"]
[SourceVersion "1"]
[SourceVersionDate "2024.03.02"]
[SourceQuality "1"]

1. d4 d5 2. Nc3 Bf5 3. Bf4 a6 4. f3 Nf6 5. g4 Be6 6. e3 g6 7. Bd3 Bg7 8. Nge2
Nbd7 9. Qd2 c5 10. dxc5 Nxc5 11. O-O-O Rc8 12. Ng3 b5 13. h4 b4 14. Nce2 b3 15.
Nc3 bxa2 16. Nxa2 Nb3+ 0-1

[Event "Madrid 2023-2024ch - Previa A"]
[Site "Madrid ESP"]
[Date "2024.02.26"]
[Round "9.21"]
[White "Martin-Buitrago Lopez, Antonio"]
[Black "Fernandez Rios, Jose Francisco"]
[Result "1-0"]
[WhiteElo "1739"]
[BlackElo "1622"]
[PlyCount "63"]
[EventDate "2024.02.05"]
[EventType "swiss"]
[EventRounds "9"]
[EventCountry "ESP"]
[SourceTitle "Ajedrez en Madrid"]
[Source "lmi"]
[SourceDate "2024.02.06"]
[SourceVersion "1"]
[SourceVersionDate "2024.03.02"]
[SourceQuality "1"]

1. e4 c5 2. Nc3 g6 3. d4 cxd4 4. Qxd4 Nf6 5. Nf3 Nc6 6. Qa4 d6 7. e5 dxe5 8.
Nxe5 Bd7 9. Nxd7 Qxd7 10. Be3 Bg7 11. Rd1 Qc8 12. Be2 O-O 13. O-O a6 14. a3 Qc7
15. Qh4 b5 16. Rfe1 Rfd8 17. Bf3 Rxd1 18. Rxd1 Rd8 19. Rxd8+ Nxd8 20. Qd4 Ne8
21. Qb6 Qd6 22. Ne4 Qxb6 23. Bxb6 Nb7 24. b3 Ned6 25. Kf1 Kf8 26. g4 f5 27.
gxf5 gxf5 28. Ng5 Bh6 29. h4 Bxg5 30. hxg5 e5 31. Bd5 Kg7 32. c4 1-0

[Event "Madrid 2023-2024ch - Previa A"]
[Site "Madrid ESP"]
[Date "2024.02.26"]
[Round "9.22"]
[White "Morgado Manzanedo, Antonio"]
[Black "Diaz Begonte, Manuel"]
[Result "0-1"]
[WhiteElo "1722"]
[BlackElo "1509"]
[PlyCount "62"]
[EventDate "2024.02.05"]
[EventType "swiss"]
[EventRounds "9"]
[EventCountry "ESP"]
[SourceTitle "Ajedrez en Madrid"]
[Source "lmi"]
[SourceDate "2024.02.06"]
[SourceVersion "1"]
[SourceVersionDate "2024.03.02"]
[SourceQuality "1"]

1. e4 d5 2. exd5 Nf6 3. Bb5+ Bd7 4. Be2 Nxd5 5. d4 e6 6. a3 Be7 7. c4 Nf6 8.
Nc3 O-O 9. Bf3 c6 10. Bf4 Bc8 11. Qd2 Nbd7 12. O-O-O Qa5 13. Re1 Bxa3 14. bxa3
Qxa3+ 15. Qb2 Qa6 16. Be2 c5 17. Nb5 Qa5 18. Nh3 a6 19. Nd6 cxd4 20. Qxd4 e5
21. Bd2 Qa3+ 22. Qb2 Qxd6 23. Bb4 Nc5 24. Rd1 Qc7 25. Ng5 Bf5 26. f3 Rfd8 27.
g4 Bd3 28. Bxc5 Bxe2 29. Rxd8+ Rxd8 30. Qxe2 Qxc5 31. Rd1 Qa3+ 0-1

[Event "Madrid 2023-2024ch - Previa A"]
[Site "Madrid ESP"]
[Date "2024.02.26"]
[Round "9.23"]
[White "Ramos Antona, Enrique"]
[Black "Iribarren Galarza, Aritz"]
[Result "1/2-1/2"]
[WhiteElo "1548"]
[BlackElo "1777"]
[PlyCount "77"]
[EventDate "2024.02.05"]
[EventType "swiss"]
[EventRounds "9"]
[EventCountry "ESP"]
[SourceTitle "Ajedrez en Madrid"]
[Source "lmi"]
[SourceDate "2024.02.06"]
[SourceVersion "1"]
[SourceVersionDate "2024.03.02"]
[SourceQuality "1"]

1. Nf3 Nf6 2. g3 d5 3. Bg2 Bg4 4. b3 Nbd7 5. Bb2 e6 6. c4 c6 7. O-O Bd6 8. Nc3
O-O 9. Rc1 e5 10. cxd5 cxd5 11. Nb5 Bxf3 12. Bxf3 e4 13. Bg2 Bc5 14. e3 Qb6 15.
Nd4 Ne5 16. Nf5 Nd3 17. Rc2 Rac8 18. Bc3 Rc7 19. Qa1 Rfc8 20. Bxf6 gxf6 21. Qd1
Bf8 22. Qg4+ Kh8 23. Rxc7 Rxc7 24. Nd4 Ne5 25. Qe2 Bc5 26. f3 Bxd4 27. exd4
Qxd4+ 28. Qe3 Qxe3+ 29. dxe3 exf3 30. Bxf3 Nxf3+ 31. Rxf3 Kg7 32. Rf2 Rc3 33.
Rd2 Rc5 34. Kf2 Kg6 35. Ke2 Kf5 36. Kd3 Ke5 37. b4 Rc4 38. a3 a5 39. Rb2
1/2-1/2

[Event "Madrid 2023-2024ch - Previa A"]
[Site "Madrid ESP"]
[Date "2024.02.26"]
[Round "9.24"]
[White "Ramirez Bulnes, Joaquin"]
[Black "Rubio Rivera, Felix"]
[Result "1-0"]
[WhiteElo "1806"]
[BlackElo "1491"]
[PlyCount "67"]
[EventDate "2024.02.05"]
[EventType "swiss"]
[EventRounds "9"]
[EventCountry "ESP"]
[SourceTitle "Ajedrez en Madrid"]
[Source "lmi"]
[SourceDate "2024.02.06"]
[SourceVersion "1"]
[SourceVersionDate "2024.03.02"]
[SourceQuality "1"]

1. c4 e5 2. Nc3 Nf6 3. g3 Bc5 4. Bg2 Nc6 5. e3 a6 6. Nge2 O-O 7. d4 Ba7 8. O-O
d6 9. b3 Bf5 10. d5 Ne7 11. e4 Bd7 12. h3 Qc8 13. Kh2 Ng6 14. f4 exf4 15. Nxf4
Ne5 16. Nd3 Bd4 17. Qc2 Nh5 18. Rb1 Nxg3 19. Kxg3 Nxd3 20. Qxd3 Be5+ 21. Kf2 f5
22. Ke2 fxe4 23. Rxf8+ Qxf8 24. Nxe4 Re8 25. Be3 Qe7 26. Rf1 Qh4 27. Bg5 Qh5+
28. Kd2 b5 29. h4 b4 30. Bh3 Bxh3 31. Qxh3 Bc3+ 32. Nxc3 bxc3+ 33. Kxc3 Qe2 34.
Qf3 1-0

[Event "Madrid 2023-2024ch - Previa A"]
[Site "Madrid ESP"]
[Date "2024.02.26"]
[Round "9.25"]
[White "Gonzalez Bolado, David"]
[Black "Villodre Miranda, Juan Alonso"]
[Result "0-1"]
[WhiteElo "1406"]
[BlackElo "1541"]
[PlyCount "81"]
[EventDate "2024.02.05"]
[EventType "swiss"]
[EventRounds "9"]
[EventCountry "ESP"]
[SourceTitle "Ajedrez en Madrid"]
[Source "lmi"]
[SourceDate "2024.02.06"]
[SourceVersion "1"]
[SourceVersionDate "2024.03.02"]
[SourceQuality "1"]

1. e4 g6 2. d4 Bg7 3. Nc3 e6 4. f4 Ne7 5. Nf3 d5 6. e5 a6 7. Be3 Nf5 8. Bf2 Nd7
9. Bd3 Ne7 10. Qd2 b6 11. Ne2 c5 12. c3 c4 13. Bc2 b5 14. b3 Nb6 15. b4 a5 16.
O-O axb4 17. cxb4 Na4 18. Nc3 Nxc3 19. Qxc3 O-O 20. g4 Nc6 21. h4 f5 22. gxf5
gxf5 23. Kh2 Kh8 24. a4 Qe7 25. axb5 Rxa1 26. Rxa1 Qxb4 27. Qxb4 Nxb4 28. Ne1
Nxc2 29. Nxc2 Bd7 30. Rb1 Rb8 31. b6 Bf8 32. Be1 Ba4 33. Ne3 Bb3 34. Ba5 Be7
35. h5 Bd8 36. Kh3 Bxb6 37. Bxb6 Rxb6 38. Kh4 h6 39. Nc2 Rb8 40. Kg3 Rg8+ 41.
Kf3 0-1

[Event "Madrid 2023-2024ch - Previa A"]
[Site "Madrid ESP"]
[Date "2024.02.26"]
[Round "9.26"]
[White "Ortega Molina, Tomas"]
[Black "Melero Fernandez, Jose M"]
[Result "1-0"]
[WhiteElo "1538"]
[BlackElo "1385"]
[PlyCount "69"]
[EventDate "2024.02.05"]
[EventType "swiss"]
[EventRounds "9"]
[EventCountry "ESP"]
[SourceTitle "Ajedrez en Madrid"]
[Source "lmi"]
[SourceDate "2024.02.06"]
[SourceVersion "1"]
[SourceVersionDate "2024.03.02"]
[SourceQuality "1"]

1. d4 Nf6 2. c4 g6 3. Nc3 Bg7 4. e4 d6 5. Nf3 b6 6. Be2 O-O 7. Bg5 Bb7 8. Qc2
Na6 9. a3 c5 10. O-O-O Nc7 11. d5 a6 12. e5 Ng4 13. Bd3 Nxe5 14. Nxe5 Bxe5 15.
f4 Bg7 16. Rde1 Re8 17. f5 f6 18. Bd2 g5 19. Re3 b5 20. b3 b4 21. axb4 cxb4 22.
Na4 a5 23. g4 Na6 24. h4 Rc8 25. Be4 Nc5 26. Nxc5 Rxc5 27. Rd3 h6 28. hxg5 hxg5
29. Be3 Rc8 30. Qh2 a4 31. Qh7+ Kf8 32. Qg6 axb3 33. Rh7 Rxc4+ 34. Kd2 Rc2+ 35.
Ke1 1-0

[Event "Madrid 2023-2024ch - Previa A"]
[Site "Madrid ESP"]
[Date "2024.02.26"]
[Round "9.27"]
[White "Mejias Gonzalez, Pedro"]
[Black "Carbo de Haya, Jaime"]
[Result "1/2-1/2"]
[WhiteElo "1500"]
[BlackElo "1297"]
[PlyCount "92"]
[EventDate "2024.02.05"]
[EventType "swiss"]
[EventRounds "9"]
[EventCountry "ESP"]
[SourceTitle "Ajedrez en Madrid"]
[Source "lmi"]
[SourceDate "2024.02.06"]
[SourceVersion "1"]
[SourceVersionDate "2024.03.02"]
[SourceQuality "1"]

1. b3 e5 2. Bb2 Nc6 3. e4 Nge7 4. Nf3 d6 5. d3 Ng6 6. g3 d5 7. exd5 Qxd5 8. Nc3
Bb4 9. Bg2 Qa5 10. Qd2 O-O 11. a3 Bxc3 12. Bxc3 Qb5 13. O-O Rd8 14. a4 Qa6 15.
Qe3 Re8 16. b4 Qb6 17. Qxb6 axb6 18. b5 Na5 19. Rfe1 f6 20. Nd2 Bd7 21. Bxa5
Rxa5 22. Bxb7 Rb8 23. Bd5+ Kf8 24. Nb3 Ra7 25. c4 Ne7 26. Bg2 c5 27. Ra2 Bf5
28. Be4 Rd8 29. Rea1 Bxe4 30. dxe4 Rd3 31. Nxc5 bxc5 32. b6 Ra5 33. Rb2 Nc6 34.
b7 Rd8 35. Rb6 Nb8 36. Rb5 Nc6 37. Rxa5 Nxa5 38. Rb1 Rb8 39. Rb5 Nxc4 40. Rxc5
Nd6 41. Rc6 Ke7 42. Rc7+ Kf8 43. Rc6 Nxb7 44. Rb6 Ra8 45. Rxb7 Rxa4 46. f3 Ra2
1/2-1/2

[Event "Madrid 2023-2024ch - Previa A"]
[Site "Madrid ESP"]
[Date "2024.02.26"]
[Round "9.30"]
[White "Peiro Guevara, Hector"]
[Black "Rodriguez Rodriguez, Ricardo"]
[Result "1-0"]
[WhiteElo "1460"]
[BlackElo "1685"]
[PlyCount "89"]
[EventDate "2024.02.05"]
[EventType "swiss"]
[EventRounds "9"]
[EventCountry "ESP"]
[SourceTitle "Ajedrez en Madrid"]
[Source "lmi"]
[SourceDate "2024.02.06"]
[SourceVersion "1"]
[SourceVersionDate "2024.03.02"]
[SourceQuality "1"]

1. b3 e5 2. Bb2 Nc6 3. e3 d5 4. Bb5 Nge7 5. Bxe5 a6 6. Bxc6+ Nxc6 7. Bb2 Qg5 8.
Nf3 Qxg2 9. Rg1 Qh3 10. Rg3 Qh6 11. Qe2 Bf5 12. d3 O-O-O 13. a3 f6 14. Nbd2 Bd6
15. Rg1 Rhe8 16. O-O-O Re7 17. Kb1 Qh3 18. Qf1 Qh5 19. h3 Kb8 20. Ka2 Qxh3 21.
Qxh3 Bxh3 22. Rh1 Bf5 23. Nh4 Be6 24. Ng2 h6 25. f4 Bg4 26. Rde1 Bc5 27. d4 Bd6
28. c4 dxc4 29. bxc4 Rf7 30. e4 Bf8 31. d5 Bc5 32. Nb3 Bf2 33. Ref1 Bg3 34.
dxc6 bxc6 35. Nd4 Rd6 36. c5 Rdd7 37. Ne3 h5 38. Nxg4 hxg4 39. Rhg1 Bh4 40.
Rxg4 g5 41. Nxc6+ Kb7 42. e5 Kxc6 43. e6 Rfe7 44. exd7 Rxd7 45. Bxf6 1-0

[Event "Madrid 2023-2024ch - Previa A"]
[Site "Madrid ESP"]
[Date "2024.02.26"]
[Round "9.34"]
[White "de Villota Borrego, Pablo"]
[Black "Lopez Manso, Jeronimo"]
[Result "1-0"]
[WhiteElo "1034"]
[BlackElo "1298"]
[PlyCount "118"]
[EventDate "2024.02.05"]
[EventType "swiss"]
[EventRounds "9"]
[EventCountry "ESP"]
[SourceTitle "Ajedrez en Madrid"]
[Source "lmi"]
[SourceDate "2024.02.06"]
[SourceVersion "1"]
[SourceVersionDate "2024.03.02"]
[SourceQuality "1"]

1. e4 Nf6 2. Nc3 d5 3. exd5 Nxd5 4. Nxd5 Qxd5 5. d3 e5 6. Be3 Bd6 7. Nf3 Bg4 8.
Be2 Nd7 9. O-O f5 10. b3 Nf6 11. c4 Qc6 12. d4 e4 13. d5 Qd7 14. Nd2 Bxe2 15.
Qxe2 Be5 16. Rab1 f4 17. Bc5 Qf5 18. a4 O-O-O 19. Bxa7 b6 20. a5 Kb7 21. axb6
cxb6 22. Bxb6 Kxb6 23. b4 Ra8 24. c5+ Kc7 25. d6+ Kd8 26. Qb5 Qd7 27. Qxd7+
Kxd7 28. Nc4 Rhe8 29. Nb6+ Kc6 30. Nxa8 Rxa8 31. Rfe1 Ra2 32. Kf1 g5 33. g3 Bd4
34. Re2 Rxe2 35. Kxe2 f3+ 36. Kf1 Nd5 37. b5+ Kxc5 38. d7 Bf6 39. Rc1+ Kxb5 40.
Rc8 e3 41. fxe3 Bd8 42. Rb8+ Kc6 43. Rxd8 Kc7 44. Rf8 Kxd7 45. Rxf3 Ke6 46. e4
Nf6 47. Re3 Ke5 48. Ke2 Nxe4 49. Kf3 g4+ 50. Kxg4 Kd4 51. Ra3 Nf6+ 52. Kf5 Nd5
53. Kg5 Ke4 54. Ra7 Kf3 55. Rxh7 Ne3 56. Rf7+ Kg2 57. h4 Kxg3 58. h5 Ng4 59. h6
Ne5 1-0